Datum a čas kvízu
33.5
Celkem bodů
Celkový počet nahraných bodů na tomto kvízu bez doplňovacích otázek.
5.
Pořadí na kvízu
Konečné umístění týmu na tomto kvízu.
Zaznamenané odpovědi
| # | Otázka | Odpověď | Body | Výsledky |
|---|---|---|---|---|
| 1. | "Po ___ společných letech plný... | třiceti | 1 | |
| 2. | Ve které evropské zemi vyhrála... | v Chorvatsku | 1 | |
| 3. | Devětadvacetiletý Nigerijec Tu... | hrál šachy | 1 | |
| 4. | Abstraktní obraz Conception/Da... | František Kupka | 0 | |
| 5. | Ligová fotbalová asociace zveř... | Chance | 0 | |
| 6. | Bolívie má, stejně jako několi... | Sucre; La Paz | 0 | |
| 7. | Které evropské hlavní město se... | Oslo | 1 | |
| 8. | Zatímco některé země mají hlav... | o Nauru | 1 | |
| 9. | Které malebné hlavní město lež... | Tallinn | 0 | |
| 10. | Kazachstán drží rekord v přejm... | Astana; Nur-Sultan | 0 |